Rappeurs francophones par photo #3 - Statistiques

Statistiques générales
  • Ce quiz a été pris 13 196 fois
    9 782 depuis la dernière actualisation
  • Le résultat moyen est 14 sur 20
Statistiques - réponses
Par images Réponse % Correct
Mister V
96%
Soprano
96%
Koba laD
94%
Gambi
91%
Maes
91%
Djadja & Dinaz
83%
Sofiane
83%
Alonzo
82%
SDM
82%
Soolking
82%
MHD
81%
Roméo Elvis
71%
ZKR
62%
Mister You
57%
Dosseh
56%
Brulux
53%
Niro
50%
Alpha Wann
47%
Timal
35%
Lino
14%
Aucun quiz correspondant
Distribution des résultats
% des personnes avec chaque résultat
Percentile par nombre de réponses
Votre historique - résultats
Vous n’avez pas pris ce quiz depuis la dernière actualisation